000 00310nam a22001337a 4500
008 170918b xxu||||| |||| 00| 0 eng d
020 _a0192818635
041 _aeng
080 _2
_a7
100 _a44
101 _aART
245 _aTHE OXFORD COMPANION TO THE DECORATIVE ARTS
_cOSBORNE,H
942 _2udc
_cBK
999 _c27961
_d27961